<?xml version="1.0" encoding="UTF-8"?>
<record
    xmlns:xsi="http://www.w3.org/2001/XMLSchema-instance"
    xsi:schemaLocation="http://www.loc.gov/MARC21/slim http://www.loc.gov/standards/marcxml/schema/MARC21slim.xsd"
    xmlns="http://www.loc.gov/MARC21/slim">

  <leader>00418nam a2200157Ia 4500</leader>
  <controlfield tag="008">230718s9999    xx            000 0 und d</controlfield>
  <datafield tag="041" ind1=" " ind2=" ">
    <subfield code="a">eng</subfield>
  </datafield>
  <datafield tag="082" ind1=" " ind2=" ">
    <subfield code="a">004.16</subfield>
    <subfield code="b">TAW</subfield>
  </datafield>
  <datafield tag="100" ind1=" " ind2=" ">
    <subfield code="a">Tawade P.P.</subfield>
    <subfield code="9">130410</subfield>
  </datafield>
  <datafield tag="245" ind1=" " ind2=" ">
    <subfield code="a">Introduction To Microprocessor Vol. I</subfield>
  </datafield>
  <datafield tag="260" ind1=" " ind2=" ">
    <subfield code="c">1993</subfield>
    <subfield code="b">Shree Publication</subfield>
  </datafield>
  <datafield tag="300" ind1=" " ind2=" ">
    <subfield code="a">408</subfield>
  </datafield>
  <datafield tag="365" ind1=" " ind2=" ">
    <subfield code="c">Rs.</subfield>
    <subfield code="b">125.00</subfield>
  </datafield>
  <datafield tag="700" ind1=" " ind2=" ">
    <subfield code="a">Tawade P.P.</subfield>
    <subfield code="9">130410</subfield>
  </datafield>
  <datafield tag="906" ind1=" " ind2=" ">
    <subfield code="d">B:85024-Nov-1993</subfield>
    <subfield code="c">ETC </subfield>
    <subfield code="b">18.75</subfield>
  </datafield>
  <datafield tag="999" ind1=" " ind2=" ">
    <subfield code="c">291548</subfield>
    <subfield code="d">291548</subfield>
  </datafield>
  <datafield tag="952" ind1=" " ind2=" ">
    <subfield code="0">1</subfield>
    <subfield code="1">0</subfield>
    <subfield code="4">0</subfield>
    <subfield code="7">0</subfield>
    <subfield code="a">CCEP</subfield>
    <subfield code="b">CCEP</subfield>
    <subfield code="d">1993-11-09</subfield>
    <subfield code="e">Pradeep Book Distributors</subfield>
    <subfield code="f">ETC </subfield>
    <subfield code="g">106.25</subfield>
    <subfield code="i">850</subfield>
    <subfield code="o">004.16</subfield>
    <subfield code="p">CCEP-BK-2648</subfield>
    <subfield code="r">2023-07-18 00:00:00</subfield>
    <subfield code="t">18.75</subfield>
    <subfield code="v">125.00</subfield>
    <subfield code="w">1993-11-24</subfield>
    <subfield code="y">BK</subfield>
    <subfield code="z">002648</subfield>
  </datafield>
</record>
